书目信息

书名: 房地产开发经营与管理 
作者: 刘洪玉 主编 ;中国房地产估价师与房地产经纪人学会
出版信息: 北京   中国建筑工业出版社  2007
开本页数: 23cm  14,306页
丛书名:
单 册:
中图分类: F293
科图分类:
主题词: 房地产业--经济管理--考核--教材 , 房地产 , 房地产--开发--考核--教材 , 经济管理 , 房地产业
电子资源:
ISBN: 978-7-112-08322-0
000 01155nam0 2200313 450
001 981
005 20091114102056.0
010    @a978-7-112-08322-0@dCNY35.00
100    @a20070327d2007 em y0chiy50 ea
101 @achi
102    @aCN@b110000
105    @ay z 000yy
106    @ar
200 @a房地产开发经营与管理@AFang Di Chan Kai Fa Jing Ying Yu Guan Li@f刘洪玉主编@FLiu Hong Yu Zhu Bian@g中国房地产估价师与房地产经纪人学会编
205    @a2版
210    @a北京@c中国建筑工业出版社@d2007
215    @a14,306页@d23cm
300    @a中国房地产估价师执业资格考试辅导教材
330    @a本书包括:房地产投资与投资风险、房地产市场及其运作规律、房地产开发的程序、房地产市场调查与市场分析、现金流量与资金时间价值、经济评价指标与评价方法等10章。
606 @a房地产业@x经济管理@x考核@j教材
606 @a房地产
606 @a房地产@x开发@x考核@j教材
606 @a经济管理
606 @a房地产业
690    @aF293@v4
701  0 @a刘洪玉@ALiu Hong Yu@4主编
712 02 @a中国房地产估价师与房地产经纪人学会@AZhong Guo Fang Di Chan Gu Jia Shi Yu Fang Di Chan Jing Ji Ren Xue Hui@4编
801  0 @aCN@bBJHZTJ@c20091201
905    @dF293@e29@f10
    
    房地产开发经营与管理/刘洪玉主编/中国房地产估价师与房地产经纪人学会编.-2版.-北京:中国建筑工业出版社,2007
    14,306页;23cm
    中国房地产估价师执业资格考试辅导教材
    
    ISBN 978-7-112-08322-0:CNY35.00
    本书包括:房地产投资与投资风险、房地产市场及其运作规律、房地产开发的程序、房地产市场调查与市场分析、现金流量与资金时间价值、经济评价指标与评价方法等10章。
相关链接 在五车中查询图书 在当当中查询图书 在豆瓣中查询图书


正题名:房地产开发经营与管理     索取号:F293/29         预约/预借

序号 登录号 条形码 馆藏地/架位号 状态 备注
1 277468   300277468   柳城密-1楼/13架10列4层/ [索取号:F293/29] 在馆    
2 277469   300277469   柳城密-1楼/13架10列4层/ [索取号:F293/29] 在馆    
3 277470   300277470   柳城密-1楼/13架10列4层/ [索取号:F293/29] 在馆    
4 277471   300277471   柳城密-1楼/13架10列4层/ [索取号:F293/29] 在馆    
5 277472   300277472   柳城密-1楼/13架10列4层/ [索取号:F293/29] 在馆    
6 277473   300277473   柳城密-1楼/13架10列4层/ [索取号:F293/29] 在馆    
7 277474   300277474   柳城密-1楼/13架10列4层/ [索取号:F293/29] 在馆    
8 277475   300277475   柳城密-1楼/13架10列4层/ [索取号:F293/29] 在馆    
9 277476   300277476   柳城密-1楼/13架10列4层/ [索取号:F293/29] 在馆    
10 277477   300277477   柳城密-1楼/13架10列4层/ [索取号:F293/29] 在馆